Maryland Cities over 50k population - Statistics

General Stats
  • This quiz has been taken 62 times
  • The average score is 9 of 18
Answer Stats
Population City % Correct
565,239 Baltimore
98%
85,793 Frederick
73%
67,403 Bethesda
71%
105,871 Columbia
63%
69,563 Gaithersburg
63%
82,129 Silver Spring
60%
67,297 Rockville
58%
57,254 Bowie
56%
72,772 Glen Burnie
52%
90,521 Germantown
50%
57,683 Towson
50%
82,541 Waldorf
38%
57,702 Bel Air South
37%
73,737 Ellicott City
37%
65,441 Dundalk
33%
58,041 Severn
25%
52,172 Wheaton
19%
53,752 Aspen Hill
13%
No matching quizzes found
Score Distribution
Percent of People with Each Score
Percentile by Number Answered
Your Score History
You have not taken this quiz